Kraje w których żyje najwięcej Żubrów - Statystyki

Ogólne statystyki
  • Ten quiz został rozwiązany 104 razy
  • Średni wynik to 13 z 16
Statystyki odpowiedzi
Ilość Żubrów Państwo % Poprawnych
1900 Polska
100%
1400 Rosja
97%
20 Niemcy
95%
1400 Białoruś
93%
200 Litwa
90%
250 Ukraina
90%
100 Czechy
89%
10 Łotwa
89%
30 Słowacja
89%
50 Francja
81%
100 Rumunia
74%
10 Mołdawia
68%
20 Dania
65%
100 Hiszpania
64%
150 Bułgaria
59%
40 Holandia
55%
Nie znaleziono quizów pasujących do podanych kryteriów
Rozkład punktacji
Procent ludzi z każdym wynikiem
Percentyl według liczby udzielonych odpowiedzi
Twoja historia wyników
Nie rozwiązałeś tego quizu